Biggest Asian "E" Cities by Picture - Statistics

General Stats
  • This quiz has been taken 59 times
    51 since last reset
  • The average score is 3 of 16
Answer Stats
Picture Hint Answer % Correct
🇮🇶 880,000 Erbil
95%
🇹🇷 420,000 Erzurum
33%
🇹🇷 790,000 Eskişehir
33%
🇨🇳 720,000 Èzhōu
26%
🇹🇷 390,000 Elâzığ
19%
🇨🇳 490,000 Ēnshī
16%
🇮🇳 520,000 Erode
14%
🇹🇷 140,000 Erzincan
14%
🇯🇵 140,000 Ebina
12%
🇮🇳 250,000 Elūru
9%
🇮🇷 450,000 Eslāmshahr
9%
🇮🇳 260,000 Etāwah
9%
🇰🇿 130,000 Ekıbastūz
7%
🇨🇳 250,000 Éméishān
5%
🇮🇳 310,000 English Bazar
5%
🇨🇳 250,000 Ēnpíng
2%
No matching quizzes found
Score Distribution
Percent of People with Each Score
Percentile by Number Answered
Your Score History
You have not taken this quiz since the last reset